000 00829nam a2200229Ia 4500
005 20260430150743.0
008 008 250103s9999 xx 000 0 hin d
037 _aTheses
040 _aCRL
040 _bhin
040 _chin
041 _2hin
041 _ahin
084 _qCRL
100 _aयादव, सुशील कुमार, ले.
_9865703
245 0 _aउत्तर औपनिवेशिकता और स्त्री - अस्मिता का संघर्ष: संदर्भ: हिन्दी की स्त्री आत्मकथा
260 _c2021
300 _a227पृ0
700 _aदिल्ली विश्वविद्यालय. कला संकाय. हिन्दी विभाग
942 _cTH
999 _c1850613
_d1850613